Normal view MARC view

Entry Personal Name

Number of records used in: 1

001 - CONTROL NUMBER

  • control field: 1056264

003 - CONTROL NUMBER IDENTIFIER

  • control field: OSt

005 - DATE AND TIME OF LATEST TRANSACTION

  • control field: 20260121165815.0

008 - FIXED-LENGTH DATA ELEMENTS

  • fixed length control field: 260121|| aca||aabn | a|a d

040 ## - CATALOGING SOURCE

  • Original cataloging agency: OSt
  • Transcribing agency: OSt

100 ## - HEADING--PERSONAL NAME

  • Personal name: Kenneth A. Howard, Thomas Vorup-Jensen, Dan Peer

670 ## - SOURCE DATA FOUND

  • Source citation: Work cat.: (OSt)1621992: Kenneth A. Howard, Thomas Vorup-Jensen, Dan Peer, Nanomedicine
Copyright @ Delhi University Library System